| 000 | 01692nam a2200349 a 4500 | ||
|---|---|---|---|
| 999 |
_c161985 _d161985 |
||
| 003 | BLK | ||
| 005 | 20240731005407.0 | ||
| 008 | 180410b bul|||||r ||||||| ||bul|| | ||
| 010 | _aKNG00169349000 | ||
| 040 | _aBLK | ||
| 041 |
_aBUL _cBUL |
||
| 072 | 7 |
_2bullib _aК _xКраезнание |
|
| 072 | 7 |
_2bullib _aЦ _xРедки и ценни |
|
| 080 |
_aБългарска литература _b821.163.2 _x-32 _z821.163.2-32 |
||
| 100 | 1 |
_aСлавейков, Петко Рачов _d1827-1895 _gВиден възрожд. деец, участник в борбата за църк. освобожд., просветител, писател, поет, публицист, фолклорист, политик _9121105 |
|
| 139 |
_aСлавейков, Петко Рачов _bС 42 |
||
| 245 | 1 | 0 |
_aХубавинка Янка _bНравоучителна приказка _cПетко Р. Славейков. |
| 250 | _a3. прераб. и попр. изд. | ||
| 257 | _aBGR | ||
| 260 |
_aРусе _bСт. Ив. Роглев _c1893 _fРусе : Ст. Ив. Роглев |
||
| 300 |
_a30 с. _c17 см |
||
| 380 | _aX | ||
| 500 | _a1. изд. 1892. - В кн. авт. неозначен. | ||
| 852 | _aРб 893 | ||
| 852 |
_aК 821.163.2/С 42 П _bК |
||
| 856 | 4 |
_qpdf _i0.00 _lreg users access _fХубавинка Янка _uhttp://185.138.176.146:18082/cgi-bin/koha/opac-retrieve-file.pl?id=85f585b9ecaeeada7d32eeb0c18f3742 _xebook _zХубавинка Янка |
|
| 856 | 4 |
_qpdf _i0.00 _ldisable |
|
| 942 |
_cKNG _n0 _s1 |
||
| 944 |
_aCR _c09.01.2015 _lCRON CRON _k |
||
| 944 |
_aED _c2023-04-19 _kКети |
||
| 999 | _d161985 | ||